[Event "POL-ch Rapid U18 Girls"]
[Site "Bydgoszcz"]
[Date "2023.08.30"]
[Round "9"]
[White "Skolska, Emilia"]
[Black "Obrochta, Lena"]
[Result "0-1"]
[WhiteElo "1620"]
[BlackElo "1676"]
[PlyCount "78"]
[EventDate "2023.08.28"]
[EventType "swiss"]
[EventRounds "11"]
[EventCountry "POL"]
[SourceTitle "EXT 2024"]
[Source "ChessBase"]
[SourceDate "2023.10.10"]
[SourceVersion "1"]
[SourceVersionDate "2023.10.10"]
[SourceQuality "1"]

1. e4 c5 2. Nc3 Nc6 3. f4 a6 4. Nf3 e6 5. d3 d6 6. g3 g6 7. Bg2 Bg7 8. 0-0 Nge7 9. a4 0-0 10. Bd2 Rb8 11. Nh4 Bd7 12. Qc1 Nd4 13. Re1 Nec6 14. Ne2 b5 15. axb5 axb5 16. Nf3 Nxf3+ 17. Bxf3 Qb6 18. Kh1 Ra8 19. Rxa8 Rxa8 20. Bc3 Nd4 21. Nxd4 cxd4 22. Bb4 Rc8 23. Re2 Qc7 24. c3 dxc3 25. bxc3 Bc6 26. d4 Bf8 27. Qe3 Qb7 28. Kg2 Ra8 29. Rd2 Ra1 30. d5 exd5 31. exd5 Bd7 32. Qe2 Qc8 33. Rd1 Bh3+ 34. Kg1 Ra7 35. Qxb5 Ra2 36. Qc6 Qf5 37. Rc1 Bg4 38. Bg2 Qd3 39. Rf1 Qe2 0-1

[Event "POL-ch Rapid U18 Girls"]
[Site "Bydgoszcz"]
[Date "2023.08.29"]
[Round "2"]
[White "Starosta, Martyna"]
[Black "Skolska, Emilia"]
[Result "1-0"]
[WhiteElo "2012"]
[BlackElo "1620"]
[PlyCount "55"]
[EventDate "2023.08.28"]
[EventType "swiss"]
[EventRounds "11"]
[EventCountry "POL"]
[SourceTitle "EXT 2024"]
[Source "ChessBase"]
[SourceDate "2023.10.10"]
[SourceVersion "1"]
[SourceVersionDate "2023.10.10"]
[SourceQuality "1"]

1. d4 Nf6 2. c4 c5 3. d5 e6 4. Nc3 exd5 5. cxd5 d6 6. e4 g6 7. f4 Bg7 8. Bb5+ Nfd7 9. Nf3 0-0 10. 0-0 a6 11. Bd3 b5 12. Qe1 Re8 13. Qg3 c4 14. Bc2 b4 15. Na4 Nf6 16. f5 Nxe4 17. Bxe4 Rxe4 18. Ng5 Re8 19. fxg6 fxg6 20. Nf7 Qa5 21. Bh6 Bd4+ 22. Kh1 Qxa4 23. Nxd6 Bg7 24. Bxg7 Kxg7 25. Nxe8+ Qxe8 26. Rae1 Qd7 27. Qe5+ Kg8 28. Qe8+ 1-0

[Event "POL-ch U16 Girls"]
[Site "Sypniewo"]
[Date "2022.03.24"]
[Round "6"]
[White "Zybrant, Sandra"]
[Black "Skolska, Emilia"]
[Result "1/2-1/2"]
[WhiteElo "1269"]
[BlackElo "1362"]
[PlyCount "87"]
[EventDate "2022.03.19"]
[EventType "swiss"]
[EventRounds "9"]
[EventCountry "POL"]
[SourceTitle "CBM 207 Extra"]
[Source "ChessBase"]
[SourceDate "2022.05.31"]
[SourceVersion "1"]
[SourceVersionDate "2022.05.31"]
[SourceQuality "1"]

1. d4 d6 2. c4 Nf6 3. Nc3 g6 4. e4 Bg7 5. f4 0-0 6. Nf3 Bg4 7. Be3 Bxf3 8. Qxf3 e5 9. fxe5 dxe5 10. d5 Nfd7 11. g4 Qh4+ 12. Bf2 Qf6 13. Qe2 Bh6 14. h4 Bf4 15. g5 Qe7 16. Bh3 a5 17. Bg4 Na6 18. Rd1 f5 19. gxf6 Nxf6 20. Bf3 Rad8 21. h5 Kg7 22. hxg6 hxg6 23. Be3 Bxe3 24. Qxe3 Rh8 25. Ke2 Qb4 26. b3 Qc5 27. Na4 Qxe3+ 28. Kxe3 Nd7 29. a3 Rdf8 30. Rxh8 Rxh8 31. d6 c6 32. Bg4 Nf6 33. Be6 b5 34. cxb5 cxb5 35. Nc3 Nc5 36. Bd5 b4 37. axb4 axb4 38. Na4 Rh3+ 39. Ke2 Nxa4 40. bxa4 b3 41. Be6 Rh8 42. Bxb3 Nxe4 43. Ke3 Nxd6 44. Rxd6 1/2-1/2

[Event "POL-chT U20 2nd League"]
[Site "Szczyrk"]
[Date "2017.07.26"]
[Round "6.89"]
[White "Hals, Emilia"]
[Black "Skolska, Emilia"]
[Result "0-1"]
[WhiteElo "1230"]
[BlackElo "1282"]
[PlyCount "64"]
[EventDate "2017.07.22"]
[EventType "team-swiss"]
[EventRounds "11"]
[EventCountry "POL"]
[SourceTitle "EXT 2019"]
[Source "ChessBase"]
[SourceDate "2018.10.10"]
[SourceVersion "1"]
[SourceVersionDate "2018.10.10"]
[SourceQuality "1"]

1. e4 e5 2. Nf3 Nc6 3. Nc3 Nf6 4. Bb5 d6 5. d3 a6 6. Ba4 Be7 7. 0-0 b5 8. Bb3 Bg4 9. Be3 Qd7 10. Nd5 Nd8 11. Nxf6+ Bxf6 12. c3 Ne6 13. Bxe6 Qxe6 14. h3 Bh5 15. g4 Bg6 16. Nh2 h5 17. f3 d5 18. Kg2 hxg4 19. fxg4 dxe4 20. dxe4 Bxe4+ 21. Nf3 Be7 22. Qe2 Qg6 23. Kh2 Bd3 24. Qg2 Bxf1 25. Rxf1 Rd8 26. Nxe5 Qe6 27. Bf4 Qd5 28. Qe2 Qe6 29. Qf3 g5 30. Bg3 Rd2+ 31. Kh1 Rxh3+ 32. Kg1 Bc5+ 0-1

[Event "POL-chT U20 2nd League"]
[Site "Szczyrk"]
[Date "2017.07.24"]
[Round "4.42"]
[White "Skolska, Emilia"]
[Black "Budkiewicz, Magdalena"]
[Result "0-1"]
[WhiteElo "1282"]
[BlackElo "1625"]
[PlyCount "78"]
[EventDate "2017.07.22"]
[EventType "team-swiss"]
[EventRounds "11"]
[EventCountry "POL"]
[SourceTitle "EXT 2019"]
[Source "ChessBase"]
[SourceDate "2018.10.10"]
[SourceVersion "1"]
[SourceVersionDate "2018.10.10"]
[SourceQuality "1"]

1. e4 c5 2. Nc3 d6 3. g3 Nf6 4. Bg2 e6 5. Nge2 Be7 6. d3 a6 7. 0-0 0-0 8. f4 Nc6 9. h3 d5 10. e5 Nd7 11. g4 b5 12. Ng3 Nb6 13. Nce2 f5 14. gxf5 exf5 15. b3 Qc7 16. c4 Be6 17. cxd5 Nxd5 18. Bb2 Ne3 19. Qd2 Nxf1 20. Kxf1 Rad8 21. Rd1 Bh4 22. Qc3 Nb4 23. a3 Nd5 24. Bxd5 Rxd5 25. b4 Bxg3 26. Nxg3 Qe7 27. Ne2 cxb4 28. axb4 Rc8 29. Qd2 Qh4 30. Kg2 Rd7 31. Nc3 Rc6 32. Kh2 Bb3 33. Rg1 Rc4 34. Qg2 Rxf4 35. Qg3 Qxg3+ 36. Rxg3 Rxb4 37. Rg2 Rxd3 38. Re2 Be6 39. Kg2 Rxb2 0-1